|
|
|
|
| LEADER |
00000cam a2200000 7i4500 |
| 001 |
0000001152 |
| 005 |
20140112.0 |
| 020 |
0 |
0 |
|a 9627160830
|
| 090 |
0 |
0 |
|a 959.5
|b RET 1999
|
| 245 |
0 |
0 |
|a RETHINKING Malaysia
|c edited by Jomo K.S.
|
| 260 |
0 |
0 |
|a Hong Kong :
|b Asia 2000 ,
|c 1999
|
| 300 |
|
|
|a 292 p. :
|b ill. ;
|c 21 cm.
|
| 440 |
0 |
0 |
|a Malaysian studies ; 1
|
| 500 |
0 |
0 |
|a Includes bibliographical references
|
| 651 |
0 |
0 |
|a Malaysia
|
| 700 |
0 |
1 |
|a Jomo
|h K. S [
|q (Jomo Kwame Sundaram)]
|
| 710 |
1 |
1 |
|a Persatuan Sains Sosial Malaysia
|
| 998 |
|
|
|a JPSM
|
| 999 |
|
|
|a 0000002123
|b Monograph
|c Open Shelf
|e Default branch
|